Catálogo

BREVE HISTORIA DE LA CRITICA LITERARIA (Registro nro. 6761)

Detalles MARC
000 -LEADER
fixed length control field 00522nam a2200193 a 4500
001 - CONTROL NUMBER
control field 6761
005 - DATE AND TIME OF LATEST TRANSACTION
control field 20180713190634.0
008 - FIXED-LENGTH DATA ELEMENTS--GENERAL INFORMATION
fixed length control field 140415s1982 mx 000 0 spa d
041 ## - LANGUAGE CODE
Language code of text/sound track or separate title spa
082 ## - DEWEY DECIMAL CLASSIFICATION NUMBER
Classification number 809
Item number HAL
100 1# - MAIN ENTRY--PERSONAL NAME
Personal name HALL, VERNON
245 10 - TITLE STATEMENT
Title BREVE HISTORIA DE LA CRITICA LITERARIA
250 ## - EDITION STATEMENT
Edition statement 1a ed.
260 ## - PUBLICATION, DISTRIBUTION, ETC.
Place of publication, distribution, etc. MEXICO :
Name of publisher, distributor, etc. FCE,
Date of publication, distribution, etc. 1982
300 ## - PHYSICAL DESCRIPTION
Extent 313
490 ## - SERIES STATEMENT
Series statement BREVIARIOS DEL FONDO DE FCE
Volume/sequential designation 317
650 14 - SUBJECT ADDED ENTRY--TOPICAL TERM
Topical term or geographic name entry element LITERATURA
General subdivision HISTORIA Y CRITICA
700 1# - ADDED ENTRY--PERSONAL NAME
Personal name PATAN LOPEZ, FEDERICO
Relator term tr.
Existencias
Withdrawn status Lost status Source of classification or shelving scheme Damaged status Not for loan Collection code Home library Current library Shelving location Date acquired Source of acquisition Inventory number Total Checkouts Full call number Barcode Date last seen Price effective from Koha item type
    Dewey Decimal Classification     General Biblioteca Karol Wojtyla Biblioteca Karol Wojtyla Sala general 03/12/2013 Compra 151000000000000000032382   809 HAL 19387 05/01/2026 03/12/2013 Libro